[Event "Muensterland Verbandsklasse 1617"]
[Site "Germany"]
[Date "2017.03.04"]
[Round "7.5"]
[White "Kamp, Aaron"]
[Black "Suer, Julian"]
[Result "1-0"]
[WhiteElo "1767"]
[BlackElo "1744"]
[PlyCount "63"]
[EventDate "2016.09.24"]
[EventType "team"]
[EventRounds "9"]
[EventCountry "GER"]
[SourceTitle "EXT 2018"]
[Source "ChessBase"]
[SourceDate "2017.10.13"]
[SourceVersion "1"]
[SourceVersionDate "2017.10.13"]
[SourceQuality "1"]
[WhiteTeam "Muenster SK V"]
[BlackTeam "Raesfeld Erle II"]
[WhiteTeamCountry "GER"]
[BlackTeamCountry "GER"]

1. e4 d5 2. exd5 Qxd5 3. Nc3 Qa5 4. Nf3 Nf6 5. d4 Bg4 6. Bd2 c6 7. Ne4 Qb6 8. Nxf6+ gxf6 9. Bc3 Nd7 10. h3 Bh5 11. Bc4 0-0-0 12. a4 e5 13. a5 Qc7 14. Qe2 Bh6 15. 0-0 Rde8 16. Rfe1 e4 17. g4 Rhg8 18. Nh4 e3 19. Ng2 exf2+ 20. Qxf2 Bg6 21. d5 c5 22. a6 b6 23. Rad1 Qd6 24. Nh4 Be4 25. Bd3 Bxd3 26. Rxd3 Ne5 27. Nf5 Qf8 28. Bxe5 Rxe5 29. Rxe5 fxe5 30. d6 e4 31. Ne7+ Kd8 32. Qf5 1-0

[Event "Muensterland Verbandsklasse 1516"]
[Site "Germany"]
[Date "2016.04.30"]
[Round "8.5"]
[White "Robers, Frank"]
[Black "Suer, Julian"]
[Result "1/2-1/2"]
[WhiteElo "1701"]
[BlackElo "1727"]
[PlyCount "33"]
[EventDate "2015.09.19"]
[EventType "team"]
[EventRounds "9"]
[EventCountry "GER"]
[SourceTitle "EXT 2017"]
[Source "ChessBase"]
[SourceDate "2016.10.25"]
[SourceVersion "1"]
[SourceVersionDate "2016.10.25"]
[SourceQuality "1"]
[WhiteTeam "Gescher"]
[BlackTeam "Raesfeld Erle II"]
[WhiteTeamCountry "GER"]
[BlackTeamCountry "GER"]

1. e4 d5 2. exd5 Qxd5 3. Qf3 Nf6 4. Nc3 Qxf3 5. Nxf3 c6 6. Bc4 Bf5 7. d3 e6 8. a3 Bd6 9. Bg5 Nbd7 10. Nh4 Bg6 11. 0-0-0 0-0 12. Nxg6 hxg6 13. Ne4 Bc7 14. Nxf6+ Nxf6 15. h3 b5 16. Bb3 a5 17. c3 1/2-1/2

[Event "Muensterland Verbandsklasse 1516"]
[Site "Germany"]
[Date "2016.03.12"]
[Round "7.4"]
[White "Miethe, Christoph"]
[Black "Suer, Julian"]
[Result "1/2-1/2"]
[WhiteElo "1712"]
[BlackElo "1727"]
[PlyCount "50"]
[EventDate "2015.09.19"]
[EventType "team"]
[EventRounds "9"]
[EventCountry "GER"]
[SourceTitle "EXT 2017"]
[Source "ChessBase"]
[SourceDate "2016.10.25"]
[SourceVersion "1"]
[SourceVersionDate "2016.10.25"]
[SourceQuality "1"]
[WhiteTeam "Rheine Klein Berlin II"]
[BlackTeam "Raesfeld Erle II"]
[WhiteTeamCountry "GER"]
[BlackTeamCountry "GER"]

1. e4 d5 2. exd5 Nf6 3. Nf3 Nxd5 4. d4 Bg4 5. Be2 e6 6. 0-0 c6 7. c4 Nf6 8. Nc3 Be7 9. h3 Bh5 10. a3 0-0 11. Be3 Qc7 12. c5 Rd8 13. b4 Nbd7 14. Qb3 Nd5 15. Nxd5 exd5 16. Rfe1 Re8 17. Qc2 Bg6 18. Bd3 Bxd3 19. Qxd3 Nf6 20. Ne5 Ne4 21. f3 Bh4 22. fxe4 Bxe1 23. Rxe1 f6 24. Ng4 Rxe4 25. Bf2 Rae8 1/2-1/2

[Event "Muensterland Verbandsklasse 1415"]
[Site "Germany"]
[Date "2014.12.06"]
[Round "4.5"]
[White "Suer, Julian"]
[Black "Metschan, Helmuth"]
[Result "1-0"]
[WhiteElo "1705"]
[BlackElo "1789"]
[PlyCount "55"]
[EventDate "2014.09.13"]
[EventType "team-tourn"]
[EventRounds "9"]
[EventCountry "GER"]
[SourceTitle "EXT 2016"]
[Source "ChessBase"]
[SourceDate "2015.10.08"]
[SourceVersion "1"]
[SourceVersionDate "2015.10.08"]
[SourceQuality "1"]
[WhiteTeam "Raesfeld Erle II"]
[BlackTeam "Ahaus Wessum II"]
[WhiteTeamCountry "GER"]
[BlackTeamCountry "GER"]

1. e4 c5 2. d4 cxd4 3. c3 d5 4. e5 dxc3 5. Nxc3 e6 6. Nf3 Nc6 7. Bd3 d4 8. Nb5 a6 9. Nbxd4 Nxe5 10. Nxe5 Qa5+ 11. Bd2 Qxe5+ 12. Ne2 Nf6 13. 0-0 Nd5 14. Re1 Qh5 15. Qb3 Bd6 16. Ng3 Bxg3 17. fxg3 0-0 18. Re4 Nf6 19. Rh4 Qd5 20. Qc2 g6 21. Bc3 Qc5+ 22. Kh1 Nd5 23. Re1 Nxc3 24. bxc3 Bd7 25. Qd2 f5 26. Bc4 Rad8 27. Rd4 Qe7 28. Rd1 1-0

[Event "Muensterland Verbandsklasse-B 1011"]
[Site "Germany"]
[Date "2011.01.08"]
[Round "5.8"]
[White "Ebert, Bernd"]
[Black "Suer, Julian"]
[Result "1/2-1/2"]
[WhiteElo "1759"]
[BlackElo "1646"]
[PlyCount "36"]
[EventDate "2010.09.18"]
[EventType "team-tourn"]
[EventRounds "9"]
[EventCountry "GER"]
[SourceTitle "EXT 2012"]
[Source "ChessBase"]
[SourceDate "2011.11.24"]
[SourceVersion "1"]
[SourceVersionDate "2011.11.24"]
[SourceQuality "1"]
[WhiteTeam "Telgte"]
[BlackTeam "Raesfeld Erle"]
[WhiteTeamCountry "GER"]
[BlackTeamCountry "GER"]

1. c4 e5 2. Nc3 Nc6 3. g3 d6 4. Bg2 Nf6 5. d3 Bd7 6. e3 Be7 7. Nge2 Qc8 8. 0-0 Bh3 9. d4 Bxg2 10. Kxg2 h5 11. h3 h4 12. Ng1 hxg3 13. fxg3 Qd7 14. d5 Nb4 15. a3 Na6 16. b4 0-0-0 17. Qf3 Rh7 18. Qf5 Qxf5 1/2-1/2